00477nam a2200145Ia 4500008004100000100001800041245011500059245001800174260005900192260000900251300001200260650001800272650001500290856002600305170221s9999 xx 000 0 und d aHatem EL Zein 4aThe intersection of interests between Al-Jazeera and Al-Qaida in the era of “War on Terror” Hatem EL Zein  cHatem EL Zein bOnline Journal of Communication and Media Technologies c2013 a33 : 14 xCommunication xMedia Arts uhttp://www.ojcmt.net/